|
003 -Nazwa inst., której nr kontr. jest w polu 001 [,]
|
-
- @
- Nazwa instytucji, której n kontrolny jest w polu 001
- NUKAT
|
|
005 -DATA I CZAS OSTATNIEJ MODYFIKACJI [,]
|
-
- @
- pole kontrolne
- 20260407154819.0
|
|
020 -Międzynarod. znormalizowany nr książki - ISBN [ , ]
|
-
- a
- Numer ISBN
- 9788360807934
-
|
|
020 -Międzynarod. znormalizowany nr książki - ISBN [ , ]
|
-
- a
- Numer ISBN
- 9788389437822
-
|
|
040 -Instytucja sporządzająca opis [ , ]
|
-
- a
- Instytucja, która sporządziła opis (NP)
- WR U/mt
-
- c
- Instytucja, która sporządziła rekord (NP)
- WR U/mt
-
- d
- Instytucja, która zmodyfikowała rekord (P)
- WR U/dl
-
- d
- Instytucja, która zmodyfikowała rekord (P)
- WR O/IS
-
- d
- Instytucja, która zmodyfikowała rekord (P)
- GD U/AEKs
-
- d
- Instytucja, która zmodyfikowała rekord (P)
- KR 93/MSs
|
|
041 -Język dokumentu [0, ]
|
-
- a
- Język tekstu (P)
- polski
-
- a
- Język tekstu (P)
- angielski
|
|
942 -Rodzaj dokumentu [ , ]
|
-
- c
- Rodzaj dokumentu
- Książka
|
|
300 -Strefa opisu fizycznego [ , ]
|
-
- a
- Określenie formy książki i/lub objętość (NP)
- 547, [1] s. :
-
- b
- Oznaczenie ilustracji (NP)
- il. ;
-
|
|
336 -Typ zawartości [ , ]
|
-
- a
- Termin opisujący typ zawartości
- Tekst
-
- b
- Kod określający zawartość
- txt
-
- 2
- Źródło (terminu i kodu)
- rdacontent
|
|
337 -Typ mediów [ , ]
|
-
- a
- Tryb odtwarzania
- Bez urządzenia pośredniczącego
-
-
- 2
- Źródło (terminu i kodu)
- rdamedia
|
|
338 -Typ/rodzaj nośnika [ , ]
|
-
- a
- Hasło opisujące typ nośnika
- Wolumin
-
-
- 2
- Źródło (terminu i kodu)
- rdacarrier
|
|
380 -Deskryptor - Forma dzieła (P) [ , ]
|
-
- a
- forma dzieła (NP)
- Książki
|
|
380 -Deskryptor - Forma dzieła (P) [ , ]
|
-
- a
- forma dzieła (NP)
- Publikacje naukowe
|
|
388 -Deskryptor - czas powstania dzieła (P) [1, ]
|
-
- a
- Czas powstania dzieła (NP)
- 2001-
|
|
080 -Uniwersalna Klasyfikacja Dziesiętna [ , ]
|
-
- 2
- Identyfikator wydania tablic
- UDC-P058
-
- a
- Symbol klasyfikacji
- 316.325
-
- b
- Dopowiedzenie
- Społeczeństwa ze względu na specyficzne kryteria. Społeczeństwo informacyjne. Społeczeństwo otwarte. Społeczeństwo obywatelskie.
-
- x
- Poddział wspólny
- (082.1)
-
- b
- Dopowiedzenie
- (Zbiory prac różnych autorów. Księgi pamiątkowe ).
-
- x
- Poddział wspólny
- =162.1
-
- b
- Dopowiedzenie
- =Język polski.
-
-
- b
- Dopowiedzenie
- =Język angielski.
|
|
080 -Uniwersalna Klasyfikacja Dziesiętna [ , ]
|
-
- 2
- Identyfikator wydania tablic
- UDC-P058
-
- a
- Symbol klasyfikacji
- 659.3
-
- b
- Dopowiedzenie
- Informacja masowa. Środki masowego przekazu.
-
- x
- Poddział wspólny
- (082.1)
-
- b
- Dopowiedzenie
- (Zbiory prac różnych autorów. Księgi pamiątkowe ).
-
- x
- Poddział wspólny
- =162.1
-
- b
- Dopowiedzenie
- =Język polski.
-
-
- b
- Dopowiedzenie
- =Język angielski.
|
|
080 -Uniwersalna Klasyfikacja Dziesiętna [ , ]
|
-
- 2
- Identyfikator wydania tablic
- UDC-P058
-
- a
- Symbol klasyfikacji
- 005
-
- b
- Dopowiedzenie
- Zarządzanie.
-
- x
- Poddział wspólny
- (082.1)
-
- b
- Dopowiedzenie
- (Zbiory prac różnych autorów. Księgi pamiątkowe ).
-
- x
- Poddział wspólny
- =162.1
-
- b
- Dopowiedzenie
- =Język polski.
-
-
- b
- Dopowiedzenie
- =Język angielski.
|
|
080 -Uniwersalna Klasyfikacja Dziesiętna [ , ]
|
-
- 2
- Identyfikator wydania tablic
- UDC-P058
-
- a
- Symbol klasyfikacji
- 005.44
-
- b
- Dopowiedzenie
- Globalizacja. Zarządzanie międzynarodowe.
-
- x
- Poddział wspólny
- (082.1)
-
- b
- Dopowiedzenie
- (Zbiory prac różnych autorów. Księgi pamiątkowe ).
-
- x
- Poddział wspólny
- =162.1
-
- b
- Dopowiedzenie
- =Język polski.
-
-
- b
- Dopowiedzenie
- =Język angielski.
|
|
080 -Uniwersalna Klasyfikacja Dziesiętna [ , ]
|
-
- 2
- Identyfikator wydania tablic
- UDC-P058
-
- a
- Symbol klasyfikacji
- 113/119:502
-
- b
- Dopowiedzenie
- Filozofia ekologiczna.
-
- x
- Poddział wspólny
- (082.1)
-
- b
- Dopowiedzenie
- (Zbiory prac różnych autorów. Księgi pamiątkowe ).
-
- x
- Poddział wspólny
- =162.1
-
- b
- Dopowiedzenie
- =Język polski.
-
-
- b
- Dopowiedzenie
- =Język angielski.
|
|
600 -Hasło przedmiotowe w formie nazwy osobowej [1,7]
|
-
- a
- Nazwa osobowa
- Zacher, Lech Wojciech
-
- d
- Daty związane z nazwą
- (1942-2022)
-
|
|
600 -Hasło przedmiotowe w formie nazwy osobowej [1,7]
|
-
- a
- Nazwa osobowa
- Zacher, Lech Wojciech
-
- d
- Daty związane z nazwą
- (1942-2022)
-
- v
- Określnik formalny
- bibliografia.
-
-
|
|
600 -Hasło przedmiotowe w formie nazwy osobowej [1,7]
|
-
- a
- Nazwa osobowa
- Zacher, Lech Wojciech
-
- d
- Daty związane z nazwą
- (1942-2022)
-
- v
- Określnik formalny
- księgi pamiątkowe.
-
-
|
|
650 -Hasło przedmiotowe [ ,7]
|
-
- a
- Hasło przedmiotowe
- Ekologia
-
-
|
|
650 -Hasło przedmiotowe [ ,7]
|
-
- a
- Hasło przedmiotowe
- Ekonomia
-
-
|
|
650 -Hasło przedmiotowe [ ,7]
|
-
- a
- Hasło przedmiotowe
- Globalizacja
-
-
|
|
650 -Hasło przedmiotowe [ ,7]
|
-
- a
- Hasło przedmiotowe
- Rozwój gospodarczy
-
-
|
|
650 -Hasło przedmiotowe [ ,7]
|
-
- a
- Hasło przedmiotowe
- Rozwój społeczny
-
-
|
|
650 -Hasło przedmiotowe [ ,7]
|
-
- a
- Hasło przedmiotowe
- Społeczeństwo informacyjne
-
-
|
|
650 -Hasło przedmiotowe [ ,7]
|
-
- a
- Hasło przedmiotowe
- Środki masowego przekazu
-
-
|
|
650 -Hasło przedmiotowe [ ,7]
|
-
- a
- Hasło przedmiotowe
- Zarządzanie
-
-
|
|
650 -Hasło przedmiotowe [ ,7]
|
-
- a
- Hasło przedmiotowe
- Ekonomia
-
- y
- Określnik chronologiczny
- 20 w.
-
-
|
|
650 -Hasło przedmiotowe [ ,7]
|
-
- a
- Hasło przedmiotowe
- Rozwój gospodarczy.
-
-
|
|
650 -Hasło przedmiotowe [ ,7]
|
-
- a
- Hasło przedmiotowe
- Zarządzanie.
-
-
|
|
650 -Hasło przedmiotowe [ ,7]
|
-
- a
- Hasło przedmiotowe
- Społeczeństwo informacyjne.
-
-
|
|
650 -Hasło przedmiotowe [ ,7]
|
-
- a
- Hasło przedmiotowe
- Księgi pamiątkowe
-
- z
- Określnik geograficzny
- Polska
-
- z
- Określnik geograficzny
- Warszawa
-
- y
- Określnik chronologiczny
- 1990-.
-
-
|
|
655 -Hasło w funkcji tematu formalnego [ ,7]
|
-
-
-
|
|
655 -Hasło w funkcji tematu formalnego [ ,7]
|
-
- a
- Hasło
- Publikacja okolicznościowa
-
-
|
|
658 -Ujęcie treści [ , ]
|
-
- a
- dziedzina nauki i sztuki/ sfera aktywności życiowej
- Gospodarka, ekonomia, finanse
|
|
658 -Ujęcie treści [ , ]
|
-
- a
- dziedzina nauki i sztuki/ sfera aktywności życiowej
- Socjologia i społeczeństwo
|
|
980 -Symbol UKD [ , ]
|
-
- a
- UKD
- 316.325:659.3:005:005.44:[113/119:502](082.1)=162.1=111
|